000 00460nam a2200181Ia 4500
001 19391
005 20260306172649.0
008 260306t2010||||xx |||||||||||||| ||spa||
041 _aESP
082 _a659.1
_bC71
100 _aClow, Kenneth E.
_eAUT
245 0 _aPublicidad, promoción y comunicación integral en marketing
260 _c2010
300 _axiii, 454 páginas :
_c27 cm.
650 _aGEN
654 _aCAN
942 _cLIB
_dJUS
_fJUS
_2ddc
_n
999 _c19391
_d19391